000 00633nam a22001937a 4500
005 20251108171908.0
008 250721s2002 xx 000 0 ara d
082 1 4 _a210.4215525/سرخ
100 1 _aالسرخي، إبراهيم محمد
245 1 0 _aالسلوك و بناء الشخصية بين النظريات الغربية و بين المنظور الإسلامي /
264 1 _aعمان :
_bوزارة الأعلام،
_c2002.
300 _a225ص
650 1 7 _aالإسلام
650 1 7 _aعلم النفس
650 1 7 _aشخصيات
650 1 7 _aسلوك الإنسان
942 _2ddc
_cBK
999 _c65399
_d65399